000 00598nam a22002297a 4500
003 UA-OsUOA
001 100650
007 ta
008 20130529b un ||||| |||| 00| 0 ukr d
100 _aЦвейг С.
090 _a821.182.2
_bЦ26
942 _cBK
040 _aUA-OsUOA
_brus
_cUA-OsUOA
_dUA-OsUOA
245 _aПодвиг Магеллана
300 _a224 с.
955 _a3
041 _arus
080 _a821.182.2
260 _aСимферополь
_bТаврия
_c1988
650 7 _a82 Література. Літературознавство
_2UDC
999 _c386808
_d386808